000 00589nam a2200193Ii 4500
003 JO-AjNU
008 230605s9999||||xx |||||||||||||| ||und||
040 _aJO-AjNU
_bara
_erda
_cJO-AjNU
041 _aara
050 1 4 _aBP173.756.T8578
100 3 _aطعيمة، صابر,
_eauthor
_97952
245 0 0 _aدراسات في النظام الإسلامي
264 3 1 _aبيروت: دار الجيل، د.ت
300 _a212ص
336 _atext
_btxt
_2rdacontent
337 _aunmediated
_bn
_2rdamedia
338 _avolume
_bnc
_2rdacarrier
650 4 _aالنظم الاسلامية
_97953
999 _aA539
_c4107
_d4107